អាថ៍កំបាំងអាហារដើម្បីសុខភាព / (Record no. 1490)
[ view plain ]
| 000 -LEADER | |
|---|---|
| fixed length control field | 01469nam a22002777a 4500 |
| 005 - DATE AND TIME OF LATEST TRANSACTION | |
| control field | 20231002103846.0 |
| 020 ## - INTERNATIONAL STANDARD BOOK NUMBER | |
| International Standard Book Number | 9789924340041 |
| 040 ## - CATALOGING SOURCE | |
| Original cataloging agency | FISKH |
| Language of cataloging | eng |
| Transcribing agency | FISKH |
| Modifying agency | FISKH |
| 082 ## - DEWEY DECIMAL CLASSIFICATION NUMBER | |
| Classification number | 641.5638 |
| 100 ## - MAIN ENTRY--PERSONAL NAME | |
| Personal name | Sophal, Bot |
| 245 ## - TITLE STATEMENT | |
| Title | អាថ៍កំបាំងអាហារដើម្បីសុខភាព / |
| 250 ## - EDITION STATEMENT | |
| Edition statement | បោះពុម្ពលើកទី ៤ ខែមករា ២០២៣ |
| 260 ## - PUBLICATION, DISTRIBUTION, ETC. | |
| Place of publication, distribution, etc. | Phnom Penh : |
| Name of publisher, distributor, etc. | Sipar, |
| Date of publication, distribution, etc. | 2023. |
| 300 ## - PHYSICAL DESCRIPTION | |
| Extent | 44 pages : |
| Other physical details | color illustrations ; |
| Dimensions | 29 cm |
| 490 ## - SERIES STATEMENT | |
| Series statement | បំណិនជីវិត |
| 505 ## - FORMATTED CONTENTS NOTE | |
| Formatted contents note | Z'<br/> |
| 520 ## - SUMMARY, ETC. | |
| Summary, etc. | បង្ហាញពីអត្ថប្រយោជន៍នៃអាហារ ច្រើនប្រភេទដែលយើងទទួលទានរាល់ថ្ងៃ តួនាទីនៃអាហារ របៀបទទួលទាន ជំងឺកើតមកពីការទទួលទានមិនបានត្រឹមត្រូវ និងប្រការគួរជៀសវៀង។ |
| 520 ## - SUMMARY, ETC. | |
| Summary, etc. | Shows the benefits of the variety of foods we eat every day, the role of food, how to eat, the disease caused by improper eating and things to avoid. |
| 521 ## - TARGET AUDIENCE NOTE | |
| Target audience note | 1120<br/><br/><br/><br/> |
| Source | Lexile estimate<br/> |
| 521 ## - TARGET AUDIENCE NOTE | |
| Target audience note | Z'<br/> |
| Source | Raz-Plus<br/> |
| 650 ## - SUBJECT ADDED ENTRY--TOPICAL TERM | |
| Topical term or geographic name entry element | អាហារ |
| Form subdivision | មូលហេតុ |
| General subdivision | តួនាទី |
| 650 ## - SUBJECT ADDED ENTRY--TOPICAL TERM | |
| Topical term or geographic name entry element | Food |
| Form subdivision | Cause |
| General subdivision | Role |
| 700 ## - ADDED ENTRY--PERSONAL NAME | |
| Personal name | Rotha, Ouk |
| Titles and other words associated with a name | illustrator |
| 942 ## - ADDED ENTRY ELEMENTS (KOHA) | |
| Source of classification or shelving scheme | Dewey Decimal Classification |
| Koha item type | Books |
| Suppress in OPAC | No |
| 999 ## - | |
| -- | 1490 |
| -- | 1490 |
| Withdrawn status | Lost status | Source of classification or shelving scheme | Damaged status | Not for loan | Collection | Home library | Current library | Shelving location | Date acquired | Total Checkouts | Full call number | Barcode | Date last seen | Copy number | Price effective from | Koha item type | Date last checked out |
|---|---|---|---|---|---|---|---|---|---|---|---|---|---|---|---|---|---|
| Dewey Decimal Classification | Khmer Non-Fiction / សៀវភៅខ្មែរ រឿងពិត | Footprints International School Library Network Toul Kork Campus | Footprints International School Library Network Toul Kork Campus | 08/28/2023 | 1 | SOP 641.5638 | 2023-0396 | 05/26/2025 | 2 | 08/28/2023 | Books | 05/21/2025 | |||||
| Dewey Decimal Classification | Khmer Non-Fiction / សៀវភៅខ្មែរ រឿងពិត | Footprints International School Library Network Toul Tom Poung Campus | Footprints International School Library Network Toul Tom Poung Campus | TTP Secondary Khmer Bookshelves | 08/28/2023 | SOP 641.5638 | 2023-0395 | 08/28/2023 | 1 | 08/28/2023 | Books |
